Statystyki dla Regiony państw. #1

Kliknij tutaj aby rozwiązać quiz!

Ogólne statystyki

  • Ten quiz został rozwiązany 154 razy
  • Średni wynik to 15 z 21

Statystyki odpowiedzi

RegionPaństwo% Poprawnych
BawariaNiemcy
97%
ToskaniaWłochy
94%
HolandiaHolandia
86%
CzechyCzechy
83%
HokkaidoJaponia
83%
TasmaniaAustralia
81%
AndaluzjaHiszpania
81%
KamczatkaRosja
81%
Nowa AngliaStany Zjednoczone
81%
BretaniaFrancja
79%
Nowa FundlandiaKanada
79%
MandżuriaChiny
73%
JutlandiaDania
72%
KornwaliaWielka Brytania
69%
Południowa OsetiaGruzja
68%
SumatraIndonezja
66%
ChiapasMeksyk
58%
WaloniaBelgia
57%
AnatoliaTurcja
47%
GujaratIndie
35%
LuzonFilipiny
32%

Rozkład punktacji

Percentyl według liczby udzielonych odpowiedzi

Procent ludzi z każdym wynikiem

Twoja historia wyników

Nie rozwiązałeś tego quizu